Central Library OPAC University of Rajshahi

Seeds of choice : (Record no. 53291)

MARC details
000 -LEADER
fixed length control field 00993nam a2200289 a 4500
001 - CONTROL NUMBER
control field 53291
003 - CONTROL NUMBER IDENTIFIER
rucl marc code BD-RjUL
005 - DATE AND TIME OF LATEST TRANSACTION
control field 20211209075935.0
008 - FIXED-LENGTH DATA ELEMENTS--GENERAL INFORMATION
fixed length control field 161005s1998 ii b b 001 0 eng
020 ## - INTERNATIONAL STANDARD BOOK NUMBER
International Standard Book Number 8120412400
035 ## - SYSTEM CONTROL NUMBER
System control number (BD-RjUL)53411
040 ## - CATALOGING SOURCE
Original cataloging agency DLC
Transcribing agency DLC
Modifying agency DLC
Language of cataloging eng
041 ## - LANGUAGE CODE
Language code of text/sound track or separate title eng
082 00 - DEWEY DECIMAL CLASSIFICATION NUMBER
Classification number 631.5230954
Edition number 21
Author mark and year SEE 1998
245 00 - TITLE STATEMENT
Title Seeds of choice :
Remainder of title making the most of new varieties for small farmers /
Statement of responsibility, etc. edited by John R. Witcombe, Daljit S. Virk, John Farrington.
260 ## - PUBLICATION, DISTRIBUTION, ETC. (IMPRINT)
Place of publication, distribution, etc. New Delhi :
Name of publisher, distributor, etc. Oxford & IBH Pub.,
Date of publication, distribution, etc. c1998.
300 ## - PHYSICAL DESCRIPTION
Pagination xxii, 271 p. :
Illustrations ill. ;
Size 25 cm.
504 ## - BIBLIOGRAPHY, ETC. NOTE
Bibliography, etc Includes bibliographical references (p. [215]-220) and index.
520 ## - SUMMARY, ETC.
Summary, etc. With reference to India.
650 #0 - SUBJECT ADDED ENTRY--TOPICAL TERM
Topical term or geographic name as entry element Seed technology
Geographic subdivision India.
9 (RLIN) 159294
Topical term or geographic name as entry element Agricultural extension work
Geographic subdivision India.
9 (RLIN) 159295
700 1# - ADDED ENTRY--PERSONAL NAME
Personal name Witcombe, John R.
Personal name Virk, Daljit S.
Personal name Farrington, John.
942 ## - ADDED ENTRY ELEMENTS (KOHA)
Source of classification or shelving scheme Dewey Decimal Classification
Koha item type Books
Holdings
Lost status Source of classification or shelving scheme Damaged status Not for loan Collection code Permanent Location Current Location Shelving location Date acquired Source of acquisition Cost, normal purchase price Total Checkouts Full call number Date last seen Copy number Koha item type
  Dewey Decimal Classification     Non-fiction Central Library, University of Rajshahi Central Library, University of Rajshahi   07/06/2006 Paragon Enterprises Dhaka 375.00   631.5230954 SEE 1998 05/10/2016 C-2 Books
  Dewey Decimal Classification   Not For Loan Non-fiction Central Library, University of Rajshahi Central Library, University of Rajshahi Reading Room 07/06/2006 Dhaka, Paragon Enterprises Ltd. 375.00   631.5230954 SEE 1998 30/03/2017 C-1 Books